[Event "escc2023_65"]
[Site "?"]
[Date "2023.05.28"]
[Round "3.11"]
[White "Fischdick, Gisela"]
[Black "Rodella, Franco"]
[Result "1-0"]
[BlackElo "2035"]
[WhiteElo "2205"]
[LiveChessVersion "1.4.8"]

1. d4 {[%clk 1:30:45]} g6 {[%clk 1:30:45]} 2. c4 {[%clk 1:29:40]} Bg7
{[%clk 1:30:57]} 3. Nc3 {[%clk 1:29:45]} Nf6 {[%clk 1:30:43]} 4. e4
{[%clk 1:29:48]} d6 {[%clk 1:31:02]} 5. f3 {[%clk 1:29:56]} O-O {[%clk 1:30:47]}
6. Bg5 {[%clk 1:29:13]} c5 {[%clk 1:30:03]} 7. d5 {[%clk 1:29:00]} Na6
{[%clk 1:29:17]} 8. Qd2 {[%clk 1:27:30]} Nc7 {[%clk 1:29:27]} 9. Nge2
{[%clk 1:26:50]} Bd7 {[%clk 1:29:37]} 10. Ng3 {[%clk 1:21:24]} a6
{[%clk 1:27:45]} 11. a4 {[%clk 1:15:56]} b5 {[%clk 1:26:35]} 12. Be2
{[%clk 1:12:36]} bxc4 {[%clk 1:18:24]} 13. Bxc4 {[%clk 1:11:59]} a5
{[%clk 1:16:25]} 14. O-O {[%clk 1:10:44]} Na6 {[%clk 1:15:56]} 15. h3
{[%clk 1:03:40]} Nb4 {[%clk 1:13:19]} 16. f4 {[%clk 0:52:49]} h6 {[%clk 1:09:09]}
17. Bh4 {[%clk 0:50:48]} Nh7 {[%clk 1:03:37]} 18. Rae1 {[%clk 0:39:16]} Bc8
{[%clk 0:58:18]} 19. Kh1 {[%clk 0:34:06]} Ba6 {[%clk 0:55:01]} 20. Bxa6
{[%clk 0:33:37]} Rxa6 {[%clk 0:53:56]} 21. Rf3 {[%clk 0:30:40]} Qd7
{[%clk 0:52:04]} 22. Nf1 {[%clk 0:29:21]} Rb8 {[%clk 0:48:53]} 23. Ne3
{[%clk 0:29:28]} g5 {[%clk 0:47:02]} 24. fxg5 {[%clk 0:28:25]} hxg5
{[%clk 0:43:58]} 25. Bg3 {[%clk 0:27:12]} Nf8 {[%clk 0:41:45]} 26. Ref1
{[%clk 0:26:01]} f6 {[%clk 0:41:04]} 27. Nf5 {[%clk 0:25:00]} Ng6
{[%clk 0:40:58]} 28. h4 {[%clk 0:24:20]} Nxh4 {[%clk 0:38:42]} 29. Bxh4
{[%clk 0:24:32]} gxh4 {[%clk 0:38:54]} 30. Rh3 {[%clk 0:23:37]} Kf7
{[%clk 0:35:40]} 31. Rxh4 {[%clk 0:23:03]} Rh8 {[%clk 0:34:41]} 32. Rxh8
{[%clk 0:23:12]} Bxh8 {[%clk 0:35:04]} 33. Qh6 {[%clk 0:22:53]} Kg8
{[%clk 0:31:37]} 34. Rf3 {[%clk 0:21:38]} e6 {[%clk 0:28:54]} 35. Rg3+
{[%clk 0:20:50]} 1-0

[Event "escc2023_65"]
[Site "?"]
[Date "2023.05.28"]
[Round "3.12"]
[White "Polster, Wolfgang"]
[Black "Serra Olives, Tomas"]
[Result "1/2-1/2"]
[BlackElo "2004"]
[WhiteElo "2189"]
[LiveChessVersion "1.4.8"]

1. e4 {[%clk 1:30:40]} e5 {[%clk 1:30:44]} 2. Nf3 {[%clk 1:30:22]} Nc6
{[%clk 1:31:05]} 3. Nc3 {[%clk 1:30:16]} Nf6 {[%clk 1:31:23]} 4. g3
{[%clk 1:29:34]} Bb4 {[%clk 1:23:56]} 5. Bg2 {[%clk 1:29:19]} d6 {[%clk 1:23:01]}
6. d3 {[%clk 1:28:50]} h6 {[%clk 1:22:11]} 7. O-O {[%clk 1:28:26]} Be6
{[%clk 1:18:06]} 8. d4 {[%clk 1:27:40]} exd4 {[%clk 1:11:05]} 9. Nxd4
{[%clk 1:28:03]} Nxd4 {[%clk 1:11:14]} 10. Qxd4 {[%clk 1:28:25]} Bc5
{[%clk 1:11:19]} 11. Qd3 {[%clk 1:27:33]} Qd7 {[%clk 0:58:18]} 12. Nd5
{[%clk 1:22:30]} Bxd5 {[%clk 0:58:27]} 13. exd5 {[%clk 1:22:53]} O-O
{[%clk 0:58:28]} 14. Bd2 {[%clk 1:19:41]} Rae8 {[%clk 0:51:13]} 15. h3
{[%clk 1:14:49]} Re7 {[%clk 0:38:59]} 16. Rfe1 {[%clk 1:09:25]} Rfe8
{[%clk 0:39:17]} 17. Rxe7 {[%clk 1:08:48]} Rxe7 {[%clk 0:39:34]} 18. Bc3
{[%clk 1:07:43]} Qe8 {[%clk 0:37:52]} 19. Kf1 {[%clk 1:00:47]} Ne4
{[%clk 0:36:31]} 20. Bxe4 {[%clk 0:49:23]} 1/2-1/2

[Event "escc2023_65"]
[Site "?"]
[Date "2023.05.28"]
[Round "3.13"]
[White "Green, Per"]
[Black "Wengholm, Anders"]
[Result "1/2-1/2"]
[BlackElo "2167"]
[WhiteElo "1899"]
[LiveChessVersion "1.4.8"]

1. c4 {[%clk 1:30:42]} e6 {[%clk 1:30:21]} 2. g3 {[%clk 1:30:52]} Nf6
{[%clk 1:30:23]} 3. Bg2 {[%clk 1:31:05]} d5 {[%clk 1:30:44]} 4. Nf3
{[%clk 1:30:55]} Be7 {[%clk 1:30:38]} 5. O-O {[%clk 1:30:47]} O-O
{[%clk 1:29:27]} 6. b3 {[%clk 1:30:06]} d4 {[%clk 1:29:16]} 7. e3
{[%clk 1:29:21]} c5 {[%clk 1:29:34]} 8. exd4 {[%clk 1:28:56]} cxd4
{[%clk 1:30:02]} 9. Re1 {[%clk 1:26:08]} Nc6 {[%clk 1:30:19]} 10. d3
{[%clk 1:24:58]} h6 {[%clk 1:30:39]} 11. Ba3 {[%clk 1:22:15]} Bxa3 12. Nxa3 Re8
{[%clk 1:16:43]} 13. Nc2 {[%clk 1:18:43]} e5 {[%clk 1:16:36]} 14. Nd2
{[%clk 1:10:42]} Bf5 {[%clk 1:07:19]} 15. Ne4 {[%clk 1:02:40]} Nxe4
{[%clk 1:07:39]} 16. Bxe4 {[%clk 0:52:59]} Bxe4 {[%clk 1:06:40]} 17. dxe4
{[%clk 0:51:58]} Qd6 {[%clk 1:05:23]} 18. Ne3 {[%clk 0:51:12]} Rab8
{[%clk 1:03:07]} 19. Nd5 {[%clk 0:46:11]} Rf8 {[%clk 0:32:27]} 20. f3
{[%clk 0:40:48]} Rfc8 {[%clk 0:29:56]} 21. Rc1 {[%clk 0:40:07]} Ne7
{[%clk 0:26:56]} 22. Qd3 {[%clk 0:39:05]} Ng6 {[%clk 0:24:55]} 23. Rf1
{[%clk 0:37:19]} b6 {[%clk 0:20:14]} 1/2-1/2

[Event "escc2023_65"]
[Site "?"]
[Date "2023.05.28"]
[Round "3.14"]
[White "Taksrud, Vidar"]
[Black "Madebrink, Lars"]
[Result "0-1"]
[BlackElo "2136"]
[WhiteElo "1885"]
[LiveChessVersion "1.4.8"]

1. d4 {[%clk 1:30:55]} Nf6 {[%clk 1:30:50]} 2. Nf3 {[%clk 1:30:58]} e6
{[%clk 1:30:56]} 3. g3 {[%clk 1:31:18]} c5 {[%clk 1:29:42]} 4. Bg2
{[%clk 1:31:25]} d5 {[%clk 1:28:21]} 5. O-O {[%clk 1:31:41]} cxd4
{[%clk 1:23:25]} 6. Nxd4 {[%clk 1:31:53]} e5 {[%clk 1:23:34]} 7. Nb3
{[%clk 1:28:32]} Nc6 {[%clk 1:19:00]} 8. Bg5 {[%clk 1:27:16]} Be6
{[%clk 1:18:57]} 9. Nc3 {[%clk 1:26:20]} d4 {[%clk 1:18:36]} 10. Ne4
{[%clk 1:26:22]} Be7 {[%clk 1:16:28]} 11. Nec5 {[%clk 1:23:31]} Bc8
{[%clk 1:15:35]} 12. c3 {[%clk 1:21:38]} dxc3 {[%clk 1:14:19]} 13. bxc3
{[%clk 1:21:30]} Qc7 {[%clk 1:10:52]} 14. Qc2 {[%clk 1:19:17]} O-O
{[%clk 1:10:38]} 15. Rad1 {[%clk 1:16:17]} Rb8 {[%clk 1:09:09]} 16. Rd2
{[%clk 1:12:46]} b6 {[%clk 1:08:07]} 17. Nd3 {[%clk 1:07:40]} Bb7
{[%clk 1:05:00]} 18. Rfd1 {[%clk 0:58:02]} h6 {[%clk 1:04:28]} 19. Bxf6
{[%clk 0:57:34]} Bxf6 {[%clk 1:04:51]} 20. Nb4 {[%clk 0:57:14]} Ne7
{[%clk 0:53:05]} 21. Rd7 {[%clk 0:54:43]} Qc8 {[%clk 0:53:20]} 22. Qd3
{[%clk 0:48:13]} a5 {[%clk 0:50:55]} 23. Rxb7 {[%clk 0:46:26]} Rxb7
{[%clk 0:50:49]} 24. Bxb7 {[%clk 0:46:26]} Qxb7 {[%clk 0:51:03]} 25. Nd5
{[%clk 0:46:21]} Nxd5 {[%clk 0:50:06]} 26. Qxd5 {[%clk 0:46:43]} Qc7
{[%clk 0:50:17]} 27. Rd3 {[%clk 0:42:17]} Rd8 {[%clk 0:37:19]} 28. Qe4
{[%clk 0:41:40]} Rxd3 {[%clk 0:33:28]} 29. Qxd3 {[%clk 0:42:00]} e4
{[%clk 0:33:47]} 30. Qxe4 {[%clk 0:42:09]} Qxc3 {[%clk 0:33:55]} 31. Qd3
{[%clk 0:36:42]} a4 {[%clk 0:32:00]} 32. Qxc3 {[%clk 0:29:35]} Bxc3
{[%clk 0:32:22]} 33. Nc1 {[%clk 0:29:57]} b5 {[%clk 0:31:49]} 34. Kf1
{[%clk 0:29:58]} b4 {[%clk 0:29:47]} 35. e3 {[%clk 0:30:10]} Bd2 {[%clk 0:29:16]}
36. Ne2 {[%clk 0:19:34]} b3 {[%clk 0:27:25]} 37. axb3 {[%clk 0:19:27]} axb3
{[%clk 0:27:45]} 0-1

[Event "escc2023_65"]
[Site "?"]
[Date "2023.05.28"]
[Round "3.15"]
[White "Kortis, Wim"]
[Black "Alquist, Erik"]
[Result "1-0"]
[BlackElo "1960"]
[WhiteElo "2110"]
[LiveChessVersion "1.4.8"]

1. Nf3 {[%clk 1:30:53]} Nf6 {[%clk 1:30:55]} 2. c4 {[%clk 1:31:11]} g6
{[%clk 1:31:08]} 3. g3 {[%clk 1:31:28]} Bg7 {[%clk 1:31:29]} 4. Bg2
{[%clk 1:31:40]} O-O {[%clk 1:31:52]} 5. O-O {[%clk 1:31:59]} c5 {[%clk 1:32:09]}
6. Nc3 {[%clk 1:30:56]} d5 {[%clk 1:32:25]} 7. cxd5 {[%clk 1:30:57]} Nxd5
{[%clk 1:28:01]} 8. Nxd5 {[%clk 1:30:47]} Qxd5 {[%clk 1:28:22]} 9. d3
{[%clk 1:30:44]} Nc6 {[%clk 1:28:35]} 10. Be3 {[%clk 1:30:34]} Bxb2
{[%clk 1:28:37]} 11. Rb1 {[%clk 1:26:07]} Bg7 {[%clk 1:27:16]} 12. Nd4
{[%clk 1:26:00]} Qxa2 {[%clk 1:27:18]} 13. Nxc6 {[%clk 1:24:47]} bxc6
{[%clk 1:27:42]} 14. Bxc6 {[%clk 1:19:20]} Bh3 {[%clk 1:27:54]} 15. Bxa8
{[%clk 1:13:16]} Rxa8 {[%clk 1:27:45]} 16. Re1 {[%clk 1:03:32]} Bc3
{[%clk 1:27:58]} 17. Rc1 {[%clk 1:03:52]} Bxe1 {[%clk 1:15:13]} 18. Qxe1
{[%clk 1:02:17]} Rc8 {[%clk 1:13:50]} 19. f3 {[%clk 1:00:09]} Be6
{[%clk 0:49:11]} 20. Rxc5 {[%clk 0:53:52]} Rb8 {[%clk 0:43:16]} 21. Rc1
{[%clk 0:50:04]} a6 {[%clk 0:38:54]} 22. Kf2 {[%clk 0:45:50]} Qd5
{[%clk 0:31:07]} 23. Ra1 {[%clk 0:42:56]} Qc6 {[%clk 0:29:28]} 24. Qa5
{[%clk 0:40:51]} f6 {[%clk 0:21:48]} 25. Qxa6 {[%clk 0:38:53]} Qxa6
{[%clk 0:22:09]} 26. Rxa6 {[%clk 0:39:17]} Kf7 {[%clk 0:22:17]} 27. Ra7
{[%clk 0:38:05]} Rd8 {[%clk 0:20:31]} 28. Bc5 {[%clk 0:35:27]} Rd7
{[%clk 0:20:48]} 29. Ra8 {[%clk 0:35:29]} Rc7 {[%clk 0:20:27]} 30. d4
{[%clk 0:35:44]} Bc4 {[%clk 0:20:01]} 31. Rb8 {[%clk 0:31:50]} Ba2
{[%clk 0:19:51]} 32. Ke3 {[%clk 0:29:59]} e5 {[%clk 0:16:09]} 33. Kd3
{[%clk 0:26:03]} exd4 {[%clk 0:16:07]} 34. Bxd4 {[%clk 0:26:04]} Bc4+
{[%clk 0:11:16]} 35. Kd2 {[%clk 0:26:20]} Re7 {[%clk 0:08:27]} 36. e4
{[%clk 0:24:44]} Be6 {[%clk 0:07:13]} 37. Ke3 {[%clk 0:24:24]} Bc4
{[%clk 0:05:56]} 38. f4 {[%clk 0:23:19]} f5 {[%clk 0:04:17]} 39. e5
{[%clk 0:20:51]} Bd5 {[%clk 0:03:34]} 40. Bc5 {[%clk 0:15:30]} Re8
{[%clk 0:01:15]} 41. Rb2 {[%clk 0:14:08]} Rd8 {[%clk 0:27:58]} 42. Bd6
{[%clk 0:41:48]} Ra8 {[%clk 0:23:58]} 43. Rc2 {[%clk 0:40:36]} Ra7
{[%clk 0:12:26]} 44. Rc8 {[%clk 0:38:48]} Rb7 {[%clk 0:12:05]} 45. Kd4
{[%clk 0:35:29]} Be4 {[%clk 0:11:59]} 46. Kc5 {[%clk 0:28:37]} Rd7
{[%clk 0:09:25]} 47. Rf8+ {[%clk 0:27:22]} Kg7 {[%clk 0:09:48]} 48. e6
{[%clk 0:27:14]} Rc7+ {[%clk 0:08:01]} 49. Kd4 {[%clk 0:27:26]} Rc6
{[%clk 0:07:51]} 50. e7 {[%clk 0:26:16]} Rxd6+ {[%clk 0:07:52]} 51. Ke5
{[%clk 0:26:40]} Rd5+ {[%clk 0:05:57]} 1-0

[Event "escc2023_65"]
[Site "?"]
[Date "2023.05.28"]
[Round "3.17"]
[White "Raynes, Paul"]
[Black "Segal, Yosef"]
[Result "1-0"]
[BlackElo "1834"]
[WhiteElo "2077"]
[LiveChessVersion "1.4.8"]

1. e4 {[%clk 1:30:49]} c5 {[%clk 1:30:46]} 2. Nc3 {[%clk 1:31:08]} a6
{[%clk 1:30:27]} 3. g3 {[%clk 1:27:44]} g6 {[%clk 1:30:10]} 4. Bg2
{[%clk 1:28:04]} Bg7 {[%clk 1:30:33]} 5. d3 {[%clk 1:28:15]} e6 {[%clk 1:30:44]}
6. Be3 {[%clk 1:26:50]} Qc7 {[%clk 1:28:52]} 7. Nge2 {[%clk 1:26:02]} Ne7
{[%clk 1:29:00]} 8. d4 {[%clk 1:23:05]} cxd4 {[%clk 1:29:03]} 9. Bxd4
{[%clk 1:22:48]} O-O {[%clk 1:29:19]} 10. Bxg7 {[%clk 1:21:59]} Kxg7
{[%clk 1:29:35]} 11. O-O {[%clk 1:21:49]} Nbc6 {[%clk 1:29:18]} 12. Qd2
{[%clk 1:20:15]} Rd8 {[%clk 1:27:35]} 13. Rad1 {[%clk 1:19:21]} d6
{[%clk 1:27:43]} 14. h4 {[%clk 1:15:16]} b5 {[%clk 1:21:07]} 15. h5
{[%clk 1:12:04]} b4 {[%clk 1:18:44]} 16. h6+ {[%clk 1:11:32]} Kf8
{[%clk 1:14:53]} 17. Na4 {[%clk 1:09:40]} Bb7 {[%clk 1:12:19]} 18. b3
{[%clk 1:05:04]} Ng8 {[%clk 1:05:59]} 19. c4 {[%clk 1:01:25]} Ne5
{[%clk 1:00:47]} 20. Qf4 {[%clk 0:57:33]} Qe7 {[%clk 0:58:13]} 21. c5
{[%clk 0:48:48]} f6 {[%clk 0:57:03]} 22. cxd6 {[%clk 0:47:04]} Rxd6
{[%clk 0:57:10]} 23. Rxd6 {[%clk 0:47:07]} Qxd6 {[%clk 0:57:25]} 24. Nb2
{[%clk 0:42:57]} Qb6 {[%clk 0:52:14]} 25. Nc4 {[%clk 0:39:34]} Nxc4
{[%clk 0:50:17]} 26. bxc4 {[%clk 0:40:02]} e5 {[%clk 0:50:04]} 27. Qc1
{[%clk 0:38:02]} Rc8 {[%clk 0:44:32]} 28. Rd1 {[%clk 0:38:21]} Ne7
{[%clk 0:39:40]} 29. Bh3 {[%clk 0:37:02]} Rd8 {[%clk 0:39:09]} 30. c5
{[%clk 0:33:54]} Qc7 {[%clk 0:36:50]} 31. Rxd8+ {[%clk 0:32:53]} Qxd8
{[%clk 0:37:14]} 32. Qc4 {[%clk 0:30:49]} Bc8 {[%clk 0:36:42]} 33. Bxc8
{[%clk 0:30:54]} Qxc8 {[%clk 0:35:46]} 34. Qxb4 {[%clk 0:30:40]} Qc6
{[%clk 0:35:52]} 35. Nc3 {[%clk 0:27:28]} Qd7 {[%clk 0:33:09]} 36. Qb6
{[%clk 0:25:29]} Qc6 {[%clk 0:31:52]} 37. a4 {[%clk 0:21:21]} Kf7
{[%clk 0:30:11]} 38. a5 {[%clk 0:19:32]} f5 {[%clk 0:29:14]} 39. f3
{[%clk 0:16:00]} fxe4 {[%clk 0:28:47]} 40. Nxe4 {[%clk 0:16:10]} Ke6
{[%clk 0:27:21]} 41. Ng5+ {[%clk 0:14:57]} Kf5 {[%clk 0:27:33]} 42. Nxh7
{[%clk 0:11:35]} Qxb6 {[%clk 0:23:35]} 43. cxb6 {[%clk 0:11:17]} Nc6
{[%clk 0:22:24]} 44. b7 {[%clk 0:11:31]} 1-0

[Event "escc2023_65"]
[Site "?"]
[Date "2023.05.28"]
[Round "3.18"]
[White "Vepkhvishvili, Varlam"]
[Black "Thjomoe, Hans Richard"]
[Result "1/2-1/2"]
[BlackElo "1831"]
[WhiteElo "2037"]
[LiveChessVersion "1.4.8"]

1. d4 {[%clk 1:30:30]} f5 {[%clk 1:30:40]} 2. c3 {[%clk 1:30:49]} Nf6
{[%clk 1:30:57]} 3. Bf4 {[%clk 1:31:10]} d6 {[%clk 1:31:05]} 4. e3
{[%clk 1:31:28]} e6 {[%clk 1:31:17]} 5. h3 {[%clk 1:31:34]} Be7 {[%clk 1:31:28]}
6. Nf3 {[%clk 1:31:49]} Nc6 {[%clk 1:30:46]} 7. Nbd2 {[%clk 1:31:51]} O-O
{[%clk 1:30:35]} 8. Bh2 {[%clk 1:31:59]} Bd7 {[%clk 1:26:43]} 9. Be2
{[%clk 1:32:01]} Be8 {[%clk 1:23:15]} 10. O-O {[%clk 1:32:00]} h6
{[%clk 1:22:07]} 11. b4 {[%clk 1:31:58]} a6 {[%clk 1:16:24]} 12. a4
{[%clk 1:32:11]} Qd7 {[%clk 1:09:59]} 13. Qb3 {[%clk 1:28:50]} b6
{[%clk 1:00:54]} 14. c4 {[%clk 1:28:30]} a5 {[%clk 0:58:42]} 15. b5
{[%clk 1:28:20]} Nb4 {[%clk 0:56:33]} 16. Rac1 {[%clk 1:27:46]} c5
{[%clk 0:48:25]} 17. dxc5 {[%clk 1:23:53]} dxc5 {[%clk 0:48:49]} 18. Rcd1
{[%clk 1:23:36]} Bd6 {[%clk 0:43:10]} 19. Ne5 {[%clk 1:22:59]} Qc7
{[%clk 0:42:24]} 20. Ndf3 {[%clk 1:22:54]} Rd8 {[%clk 0:38:43]} 21. Rd2
{[%clk 1:22:15]} Ne4 {[%clk 0:38:10]} 22. Rdd1 {[%clk 1:18:22]} Bh5
{[%clk 0:37:05]} 23. g4 {[%clk 1:17:22]} fxg4 {[%clk 0:36:07]} 24. hxg4
{[%clk 1:17:37]} Be8 {[%clk 0:35:22]} 25. Bd3 {[%clk 1:09:34]} Ng5
{[%clk 0:29:39]} 26. Nxg5 {[%clk 1:08:53]} hxg5 {[%clk 0:29:59]} 27. Bb1
{[%clk 1:03:10]} Rf6 {[%clk 0:29:35]} 28. f4 {[%clk 1:00:08]} Bxe5
{[%clk 0:28:30]} 29. fxe5 {[%clk 0:58:38]} Rxf1+ {[%clk 0:27:34]} 30. Kxf1
{[%clk 0:57:10]} Rxd1+ {[%clk 0:24:06]} 31. Qxd1 {[%clk 0:54:18]} Qd7
{[%clk 0:23:58]} 32. Qd6 {[%clk 0:53:41]} Kf7 {[%clk 0:20:29]} 33. Bg3
{[%clk 0:47:05]} g6 {[%clk 0:17:52]} 34. Be1 {[%clk 0:46:37]} Qxd6
{[%clk 0:17:33]} 35. exd6 {[%clk 0:47:00]} e5 {[%clk 0:17:41]} 36. Kg2
{[%clk 0:43:50]} Ke6 {[%clk 0:17:41]} 37. e4 {[%clk 0:41:45]} Kxd6
{[%clk 0:17:46]} 38. Bd2 {[%clk 0:42:07]} Bf7 {[%clk 0:17:38]} 39. Bxg5
{[%clk 0:42:26]} Bxc4 {[%clk 0:17:14]} 40. Bd8 {[%clk 0:42:44]} Bb3
{[%clk 0:17:26]} 41. Bxb6 {[%clk 0:43:05]} Bxa4 {[%clk 0:17:36]} 42. Bxa5
{[%clk 0:43:27]} Bxb5 {[%clk 0:17:46]} 43. Kg3 {[%clk 0:43:41]} Nd3
{[%clk 0:17:32]} 44. Kh4 {[%clk 0:42:43]} c4 {[%clk 0:17:42]} 45. Kg5
{[%clk 0:42:44]} Bc6 {[%clk 0:16:52]} 46. Kxg6 {[%clk 0:42:22]} Bxe4+
{[%clk 0:17:04]} 47. Kf6 {[%clk 0:42:27]} Nf2 {[%clk 0:14:42]} 48. Ba2
{[%clk 0:38:08]} Nxg4+ {[%clk 0:14:24]} 49. Kg5 {[%clk 0:38:30]} Ne3
{[%clk 0:11:24]} 50. Bd2 {[%clk 0:38:05]} Nf1 {[%clk 0:11:20]} 51. Bc3
{[%clk 0:38:10]} Bd5 {[%clk 0:10:47]} 52. Bb4+ {[%clk 0:31:17]} Ke6
{[%clk 0:10:54]} 53. Bb1 {[%clk 0:30:31]} Bf3 {[%clk 0:08:40]} 54. Bg6
{[%clk 0:29:59]} Ne3 {[%clk 0:08:37]} 55. Bh7 {[%clk 0:29:18]} Nd5
{[%clk 0:07:10]} 56. Bg8+ {[%clk 0:28:09]} Kd7 {[%clk 0:07:33]} 57. Bxd5
{[%clk 0:28:22]} Bxd5 {[%clk 0:07:55]} 58. Kf5 {[%clk 0:28:42]} e4
{[%clk 0:07:50]} 59. Ke5 {[%clk 0:29:04]} Kc6 {[%clk 0:08:14]} 60. Kd4
{[%clk 0:29:24]} 1/2-1/2

[Event "escc2023_65"]
[Site "?"]
[Date "2023.05.28"]
[Round "3.19"]
[White "Patola, Eero"]
[Black "Brongers, Henk"]
[Result "0-1"]
[BlackElo "2036"]
[WhiteElo "1783"]
[LiveChessVersion "1.4.8"]

1. c4 {[%clk 1:30:49]} e5 {[%clk 1:30:20]} 2. Nc3 {[%clk 1:30:51]} Nc6
{[%clk 1:30:08]} 3. g3 {[%clk 1:30:34]} Bc5 {[%clk 1:27:06]} 4. Bg2
{[%clk 1:30:09]} a6 {[%clk 1:27:07]} 5. d3 {[%clk 1:28:10]} d6 {[%clk 1:26:51]}
6. h3 {[%clk 1:28:03]} Nge7 {[%clk 1:26:07]} 7. e4 {[%clk 1:26:30]} O-O
{[%clk 1:25:41]} 8. g4 {[%clk 1:21:35]} Ng6 {[%clk 1:21:04]} 9. Nf3
{[%clk 1:21:24]} Nh4 {[%clk 1:19:07]} 10. Kf1 {[%clk 1:18:28]} Nxf3
{[%clk 1:17:14]} 11. Qxf3 {[%clk 1:16:30]} Nd4 {[%clk 1:05:24]} 12. Qg3
{[%clk 1:13:39]} b5 {[%clk 1:02:08]} 13. Rb1 {[%clk 1:10:22]} bxc4
{[%clk 1:01:14]} 14. dxc4 {[%clk 1:10:18]} Rb8 {[%clk 0:55:39]} 15. h4
{[%clk 1:07:11]} a5 {[%clk 0:52:04]} 16. h5 {[%clk 1:06:06]} Ba6 {[%clk 0:51:50]}
17. Qd3 {[%clk 1:03:18]} Qf6 {[%clk 0:39:52]} 18. b3 {[%clk 0:53:57]} Nxb3
{[%clk 0:35:57]} 19. Be3 {[%clk 0:49:56]} Bxc4 {[%clk 0:35:39]} 0-1

[Event "escc2023_65"]
[Site "?"]
[Date "2023.05.28"]
[Round "3.20"]
[White "Van Hoolandt, Patrick"]
[Black "Both, Gert"]
[Result "1/2-1/2"]
[BlackElo "1811"]
[WhiteElo "2035"]
[LiveChessVersion "1.4.8"]

1. d4 {[%clk 1:30:56]} Nf6 {[%clk 1:30:53]} 2. c4 {[%clk 1:31:21]} e6
{[%clk 1:31:14]} 3. Nf3 {[%clk 1:31:43]} d5 {[%clk 1:31:35]} 4. Nc3
{[%clk 1:32:06]} Be7 {[%clk 1:31:44]} 5. Qc2 {[%clk 1:32:00]} O-O
{[%clk 1:31:33]} 6. cxd5 {[%clk 1:32:25]} exd5 {[%clk 1:31:56]} 7. Bg5
{[%clk 1:32:49]} c6 {[%clk 1:31:58]} 8. e3 {[%clk 1:33:11]} h6 {[%clk 1:31:47]}
9. Bh4 {[%clk 1:27:40]} Re8 {[%clk 1:31:56]} 10. Bd3 {[%clk 1:26:35]} Nbd7
{[%clk 1:30:48]} 11. O-O {[%clk 1:26:32]} Ne4 {[%clk 1:29:14]} 12. Bxe7
{[%clk 1:21:11]} Qxe7 {[%clk 1:29:42]} 13. Rae1 {[%clk 1:21:26]} Ndf6
{[%clk 1:21:03]} 14. Ne5 {[%clk 1:18:02]} Nxc3 {[%clk 1:19:01]} 15. bxc3
{[%clk 1:17:55]} c5 {[%clk 1:17:59]} 16. f3 {[%clk 1:14:24]} c4 {[%clk 1:17:22]}
17. Bf5 {[%clk 1:06:49]} Bxf5 {[%clk 1:14:35]} 18. Qxf5 {[%clk 1:07:17]} Qe6
{[%clk 1:13:12]} 19. Qb1 {[%clk 1:04:22]} Nd7 {[%clk 1:09:04]} 20. Nxd7
{[%clk 1:02:11]} Qxd7 {[%clk 1:09:32]} 21. e4 {[%clk 1:02:31]} b5
{[%clk 1:07:02]} 22. exd5 {[%clk 0:50:56]} Qxd5 {[%clk 1:03:40]} 23. Qb2
{[%clk 0:34:45]} a5 {[%clk 0:56:29]} 1/2-1/2

[Event "escc2023_65"]
[Site "?"]
[Date "2023.05.28"]
[Round "3.21"]
[White "Van Herck, Marcel"]
[Black "Idesis, Yaacov"]
[Result "1/2-1/2"]
[BlackElo "1780"]
[WhiteElo "2009"]
[LiveChessVersion "1.4.8"]

1. e4 {[%clk 1:30:32]} c6 {[%clk 1:30:53]} 2. d4 {[%clk 1:30:55]} d5
{[%clk 1:31:15]} 3. f3 {[%clk 1:30:55]} dxe4 {[%clk 1:31:35]} 4. fxe4
{[%clk 1:31:20]} Nf6 {[%clk 1:31:02]} 5. Nc3 {[%clk 1:27:53]} Bg4
{[%clk 1:31:16]} 6. Nf3 {[%clk 1:25:14]} e6 {[%clk 1:30:18]} 7. Be3
{[%clk 1:19:14]} Be7 {[%clk 1:27:31]} 8. Qd2 {[%clk 1:10:51]} Nbd7
{[%clk 1:27:15]} 9. O-O-O {[%clk 1:10:27]} a6 {[%clk 1:25:49]} 10. Bd3
{[%clk 0:58:11]} b5 1/2-1/2

[Event "escc2023_65"]
[Site "?"]
[Date "2023.05.28"]
[Round "3.22"]
[White "Hinteregger, Arthur"]
[Black "Maiffret, Patrick"]
[Result "1-0"]
[BlackElo "1761"]
[WhiteElo "2000"]
[LiveChessVersion "1.4.8"]

1. e4 {[%clk 1:30:47]} c6 {[%clk 1:30:54]} 2. d4 {[%clk 1:31:08]} d5
{[%clk 1:31:19]} 3. e5 {[%clk 1:31:30]} Qc7 {[%clk 1:31:43]} 4. Bd3
{[%clk 1:30:10]} c5 {[%clk 1:31:59]} 5. c3 {[%clk 1:30:12]} Nc6 {[%clk 1:31:42]}
6. Be3 {[%clk 1:27:45]} h5 {[%clk 1:25:47]} 7. h3 {[%clk 1:26:41]} g6
{[%clk 1:23:55]} 8. Nf3 {[%clk 1:26:15]} Nh6 {[%clk 1:21:22]} 9. dxc5
{[%clk 1:21:24]} Nf5 {[%clk 1:04:11]} 10. Bd4 {[%clk 1:17:16]} Bg7
{[%clk 0:56:11]} 11. O-O {[%clk 1:08:35]} Nxe5 {[%clk 0:45:59]} 12. Bb5+
{[%clk 1:04:03]} Kf8 {[%clk 0:34:06]} 13. Nxe5 {[%clk 0:54:50]} Bxe5
{[%clk 0:33:40]} 14. Bxe5 {[%clk 0:55:05]} Qxe5 {[%clk 0:33:51]} 15. Re1
{[%clk 0:55:04]} Qc7 {[%clk 0:33:46]} 16. Qxd5 {[%clk 0:54:14]} Be6
{[%clk 0:32:19]} 17. Qe5 {[%clk 0:48:29]} Qxe5 {[%clk 0:32:40]} 18. Rxe5
{[%clk 0:48:49]} Rd8 {[%clk 0:32:32]} 19. Ba4 {[%clk 0:46:02]} Kg7
{[%clk 0:31:58]} 20. b4 {[%clk 0:45:19]} Kf6 {[%clk 0:31:46]} 21. Re1
{[%clk 0:45:24]} Rd3 {[%clk 0:25:17]} 22. Bc2 {[%clk 0:42:18]} Rd7
{[%clk 0:25:15]} 23. a4 {[%clk 0:38:23]} Rhd8 {[%clk 0:24:35]} 24. Na3
{[%clk 0:37:52]} Nh4 {[%clk 0:18:04]} 25. Red1 {[%clk 0:34:56]} Bd5
{[%clk 0:16:08]} 26. f3 {[%clk 0:34:32]} Nf5 {[%clk 0:15:28]} 27. Kf2
{[%clk 0:33:39]} h4 {[%clk 0:13:14]} 28. Rd2 {[%clk 0:32:46]} Ng7
{[%clk 0:08:28]} 29. Rad1 {[%clk 0:31:45]} Ne6 {[%clk 0:04:48]} 30. Be4
{[%clk 0:25:39]} Bc6 {[%clk 0:01:10]} 31. Rxd7 {[%clk 0:25:29]} Rxd7
{[%clk 0:01:17]} 32. Rxd7 {[%clk 0:25:26]} Bxd7 {[%clk 0:01:41]} 33. Bxb7
{[%clk 0:22:13]} Bxa4 {[%clk 0:01:59]} 34. Ke3 {[%clk 0:22:06]} Bb3
{[%clk 0:00:56]} 35. Nb5 {[%clk 0:19:42]} a5 {[%clk 0:01:14]} 36. bxa5
{[%clk 0:19:34]} Nxc5 {[%clk 0:01:24]} 37. a6 {[%clk 0:19:42]} 1-0